00753nam a2200181 a 450000100100000000500170001000800410002704000250006808200150009310000290010824500970013726000700023430000310030470000350033504900090037095201750037999900170055400001682920200929164952.0100310s1947 dr c 000 0 spa d aDO-SdBNPbspacBNPHU axxxbF738h1 aForteza, Fernando93726810aHojas en el camino :bla patria desde el aula /cFernando Forteza ; prólogo Fabio A. Mota. aCiudad Trujillo, República Dominicana :b[Roques Roman],c1947. a139 p. :bretrs. ;c24 cm.1 aMota, Fabio A.epról.923572 aBNPD 001050718RVaPDbPDcHDd2010-03-10iLF1l0oxxx F738hp16829-10r2020-06-25w2020-06-25y1zPerteneció a la biblioteca personal de Julio Ortega Frier.ZNo se presta c16361d16361